Największe miasta anglojęzyczne - Statystyki

Ogólne statystyki
  • Ten quiz został rozwiązany 96 razy
  • Średni wynik to 19 z 33
Statystyki odpowiedzi
Populacja Miasto % Poprawnych
14,8 mln Londyn
100%
21,8 mln Nowy Jork
94%
17,6 mln Los Angeles
90%
5,40 mln Sydney
89%
9,65 mln Chicago
85%
7,75 mln San Francisco
85%
8,55 mln Waszyngton | Baltimore
84%
6,35 mln Miami
81%
3,08 mln Manchester
76%
7,65 mln Toronto
75%
7,70 mln Boston
71%
3,15 mln Birmingham
69%
6,80 mln Houston
68%
5,05 mln Melbourne
66%
7,30 mln Dallas
56%
3,33 mln San Diego
55%
2,90 mln Vancouver
55%
7,35 mln Filadelfia
54%
4,48 mln Seattle
54%
5,90 mln Atlanta
53%
3,80 mln Denver
48%
4,80 mln Phoenix
46%
14,2 mln Johannesburg
44%
4,30 mln Kapsztad
41%
3,23 mln Brisbane
40%
5,75 mln Detroit
39%
7,90 mln Singapur
35%
3,20 mln Minneapolis
28%
3,50 mln Orlando
28%
4,48 mln Tampa
24%
3,05 mln Cleveland
20%
3,48 mln Durban
20%
2,80 mln Cincinnati
9%
Nie znaleziono quizów pasujących do podanych kryteriów
Rozkład punktacji
Procent ludzi z każdym wynikiem
Percentyl według liczby udzielonych odpowiedzi
Twoja historia wyników
Nie rozwiązałeś tego quizu